00650nam a22001937a 450000500170000001000150001702000270003203500140005903700090007308200160008210000180009824501150011626000400023127000840027130000200035570000290037570000260040470000260043020250107144220.0 aENG-143209 a9789388398312c1000.00 aEN-126741 bDBAD a333.7940954 aP. Muthukumar aEnergy and Environment:bProblems and Prospects/cEdited by Lekshmi Devi U R;Ganga R Menon [and] Anishkumar PT aMaduraibShanlax Publicationsc2022 a61, T.P.K., Main Road, Vasantha NagarbMadurai e625003mshanlax_1990@yahoo.com a130p.c24cm(pb) aLekshmi Devi U ReEditor aGanga R MenoneEditor aAnishkumar PTeEditor